00792nam a2200193 4500001000700000003000900007005001700016007000300033008004100036245020000077260005900277300002200336651005200358651005100410700002800461700003700489710004000526852003200566108620ES-MaACL20230906184656.0t|061121s1983 sp r ||||1| spa d03aEl coste social de la crisis económica española y las líneas básicas de una política de recuperación / cpor Manuel A. Blanco Losada ... [et al.] ; coordinador, Alberto Monreal Luque. aMadrid : bFundación Humanismo y Democracia, c1983. a165 p. ; c21 cm. 4aEspaña-xSituación económica-y1982-1996. 4aEspaña-xPolítica económica-y1982-1996.1 aMonreal Luque, Alberto.1 aBlanco Losada, Manuel Alejandro.0 aFundación Humanismo y Democracia. aES-MaACLjL-5293 bR.105785